La abadia de Northanger / (Registro nro. 158)
[ vista simple ]
| 000 -LEADER | |
|---|---|
| fixed length control field | 01363nam a22002177a 4500 |
| 003 - CONTROL NUMBER IDENTIFIER | |
| control field | OSt |
| 005 - DATE AND TIME OF LATEST TRANSACTION | |
| control field | 20231212101712.0 |
| 008 - FIXED-LENGTH DATA ELEMENTS--GENERAL INFORMATION | |
| fixed length control field | 231211s1998 ag ||||| |||| 00| f spa d |
| 020 ## - INTERNATIONAL STANDARD BOOK NUMBER | |
| International Standard Book Number | 8401479541 |
| 040 ## - CATALOGING SOURCE | |
| Transcribing agency | besoc |
| 100 1# - MAIN ENTRY--PERSONAL NAME | |
| Personal name | Austen, Jane, |
| Dates associated with a name | (1775-1817), |
| Relator term | autor |
| 245 13 - TITLE STATEMENT | |
| Title | La abadia de Northanger / |
| Statement of responsibility, etc. | Jane Austen ; traducción de Isabel Oyarzábal |
| 250 ## - EDITION STATEMENT | |
| Edition statement | 2a ed. |
| 260 ## - PUBLICATION, DISTRIBUTION, ETC. | |
| Place of publication, distribution, etc. | Barcelona : |
| Name of publisher, distributor, etc. | Plaza & Janés, |
| Date of publication, distribution, etc. | 1998 |
| 300 ## - PHYSICAL DESCRIPTION | |
| Extent | 290 p. |
| 490 ## - SERIES STATEMENT | |
| Series statement | Jet : Biblioteca de Jane Austen ; |
| Volume/sequential designation | 343 |
| 505 ## - FORMATTED CONTENTS NOTE | |
| Formatted contents note | Publicada originalmente en 1818, la abadía de Northanger narra la historia de Catherine Morland, una joven ingenua y aficionada a la lectura de novelas góticas. Invitada por los Tilney, que erróneamente la consideran una rica heredera, a pasar a una temporada en su casa de campo, se dedicará a investigar tortuosos e imaginarios secretos de familia. Pero cuando finalmente todo se aclare y comprenda que la vida no es una novela, la inocente Catherine pondrá los pies en la tierra y encauzará su futuro según dictan las normas morales y sociales. Ésta es quizá la novela más irónica y divertida de Jane Austen, maestra inigualable en la recreación de retablos sociales con hondo perfil humano. [Nota del editor] |
| 650 #4 - SUBJECT ADDED ENTRY--TOPICAL TERM | |
| Topical term or geographic name entry element | Literatura británica |
| Form subdivision | Novela |
| Chronological subdivision | Siglo XIX |
| 700 1# - ADDED ENTRY--PERSONAL NAME | |
| Personal name | Oyarzábal, Isabel, |
| Relator term | traductor |
| 942 ## - ADDED ENTRY ELEMENTS (KOHA) | |
| Source of classification or shelving scheme | Universal Decimal Classification |
| Koha item type | Obra General |
| Suppress in OPAC | No |
| Withdrawn status | Lost status | Source of classification or shelving scheme | Damaged status | Not for loan | Collection | Home library | Current library | Date acquired | Total checkouts | Full call number | Barcode | Date last seen | Price effective from | Koha item type |
|---|---|---|---|---|---|---|---|---|---|---|---|---|---|---|
| Universal Decimal Classification | Colección General | Biblioteca Escuela de Ciencias Sociales | Biblioteca Escuela de Ciencias Sociales | 12/12/2023 | 82-31(410.1) AU933 | 000950 | 12/12/2023 | 12/12/2023 | Obra General |